| 000 | 00490 a2200157 4500 | ||
|---|---|---|---|
| 020 | _a 8170003342 | ||
| 082 | _a001.4 | ||
| 090 |
_c1314 _d1314 |
||
| 100 | _aSinha, S. C. | ||
| 245 |
_aResearch Methodology _cS. C. Sinha. & A. K. Dhiman |
||
| 260 |
_a New Delhi: _bEss Ess Publications, _c2002. |
||
| 300 |
_a389 p. ; _c24 cm. |
||
| 500 | _aIncludes bibliographical references and index | ||
| 650 | _a1.Research Methodology.2.Report Writing.3.Information retrieval. | ||
| 942 |
_cBK _k001.4 SIN |
||
| 999 |
_c5270 _d5270 |
||